00581 a2200181 450000100060000002000150000604000220002110000210004324000250006424500200008930000080010936200090011765000230012694200070014995201130015695201130026999900170038256502 a8516035468 cAnchieta - Pituba aCarrasco, Walcyr10aEstrelas tortaslpor10aEstrelas tortas a1040 a2007 4aLiteratura juvenil cBK 00104070a91.1b91.1d2023-11-21l0oLJ 028.5 C313e CAR ESTp5988/PITr2023-11-21 18:23:58w2023-11-21yBK 00104070a91.1b91.1d2023-11-21l0oLJ 028.5 C313e CAR ESTp5989/PITr2023-11-21 18:23:58w2023-11-21yBK c56502d56502